Richest Cities in Europe in 1444 (based on Europa Universalis IV) - Statistics

General Stats
  • This quiz has been taken 243 times
  • The average score is 13 of 20
Answers on the Map
Answers color-coded by a green-red scale on the quiz's map according to % correct below.
 
Answer Stats
Development Answer % Correct
20 London
100%
23 Paris
99%
25 Roma
97%
22 Napoli
90%
28 Firenze
87%
25 Genova
87%
27 Venezia
81%
20 Konstantinopoli
79%
21 Bordeaux
77%
22 Praha
77%
20 Krakow
70%
19 Antwerpen
62%
20 Novgorod
60%
20 Siena
58%
21 Milano
51%
20 Dijonnais
42%
19 Nurnberg
38%
20 Sjaelland
31%
20 Aix
27%
20 Lund
18%
No matching quizzes found
Score Distribution
Percent of People with Each Score
Percentile by Number Answered
Your Score History
You have not taken this quiz